| 000 | 01045nac a22002651u 4500 | ||
|---|---|---|---|
| 010 | _a 98021896 | ||
| 020 | _a047124189X (paper : alk. paper) | ||
| 082 | 0 | 0 |
_a331.702 _bHAR. |
| 090 |
_c5256 _d5256 |
||
| 100 | _aHarkavy, Michael David | ||
| 245 | 1 | 0 |
_a101 Careers : _ba guide to the fastest-growing opportunities / _cMichael Harkavy. |
| 246 | 3 | _aOne hundred one careers | |
| 246 | 3 | _aOne hundred and one careers | |
| 250 | _a2nd ed. | ||
| 260 |
_aNew York : _bJ. Wiley,c1999. _cc1999. |
||
| 300 |
_axvi, 338 p. : _b26 cm. |
||
| 500 | _aIncludes index. | ||
| 500 | _aDistributer :Al Ahram | ||
| 511 | _aCatalogued By: Mahitab. | ||
| 650 | 0 |
_aVocational guidance _zUnited States. |
|
| 856 | 4 | 2 |
_3Contributor biographical information _uhttp://www.loc.gov/catdir/bios/wiley044/98021896.html |
| 856 | 4 | 2 |
_3Publisher description _uhttp://www.loc.gov/catdir/description/wiley037/98021896.html |
| 856 | 4 | 2 |
_3Table of Contents _uhttp://www.loc.gov/catdir/toc/onix03/98021896.html |
| 942 |
_cBB _k331.702HAR |
||
| 999 |
_c5256 _d5256 |
||